00723nam a22002057a 4500003001100000005001700011008004100028020001800069040003900087041000800126082001600134110004600150245008800196260010000284300004900384500001600433650002300449650002500472700002000497LK-CoMWRAF20240212153510.0240122b2002 |||||||| |||| 00| 0 eng d a9780912917658 aLK-CoMWRAFdLK-CoMWRAFeLK-CoMWRAF aeng a305.31bUNI aUnited Nations Development Fund for Women aFrom violence to supportive practice : bfamily, gender, and masculinities in India aNew Delhi:bUnited Nations Development Fund for Women, South Asis [sic] Regional Office, c2002 a235 p. : ill. ; 25 cmbBibliography included aA photocopy aMasculinity- India aMen's studies- India aChopra, Radhika